SOUTH-WESTERN CENTURY 21 ACCOUNTING (Record no. 81584)
[ view plain ]
| 000 -LEADER | |
|---|---|
| fixed length control field | 00245nam a2200097Ia 4500 |
| 050 ## - LIBRARY OF CONGRESS CALL NUMBER | |
| Classification number | HF 5630 .A23 2000 |
| 100 ## - MAIN ENTRY--PERSONAL NAME | |
| Personal name | GILBERTSON,ROSS |
| 245 #0 - TITLE STATEMENT | |
| Title | SOUTH-WESTERN CENTURY 21 ACCOUNTING |
| 942 ## - ADDED ENTRY ELEMENTS (KOHA) | |
| Koha item type | Long Loan Book |
| Withdrawn status | Lost status | Source of classification or shelving scheme | Damaged status | Not for loan | Collection | Home library | Current library | Shelving location | Date acquired | Inventory number | Total checkouts | Full call number | Barcode | Date last seen | Copy number | Price effective from | Koha item type |
|---|---|---|---|---|---|---|---|---|---|---|---|---|---|---|---|---|---|
| Library of Congress Classification | Business & Economics | Kisii University Library | Kisii University Library | On Display | 09/15/2023 | 049710 | HF5635 .G55 2006 | 000000015866 | 01/26/2026 | 2 | 09/15/2023 | Long Loan Book |